000 00438nam a2200193Ia 4500
005 20240823034921.0
008 240823s9999||||xx |||||||||||||| ||und||
020 _a978-93-80349-82-4
041 _aENGLISH
082 _A813.54 Q3
100 _aAmit Tiwary
245 0 _aCant cook a Love Story
250 _a1st
260 _c2013
_bSrishti Publi
500 _aYES
650 _aGeneral
_bGeneral
942 _cBK
999 _c199438
_d199438